Visualizzazione normale
Vista MARC
di Personal Name
Records bibliografici associati: 1
001 - CONTROL NUMBER
- control field: 5658
003 - CONTROL NUMBER IDENTIFIER
- control field: IT-RoPau
005 - DATE AND TIME OF LATEST TRANSACTION
- control field: 20131216215737.0
008 - FIXED-LENGTH DATA ELEMENTS
- fixed length control field: 131216|| aca||aabn | a|a d
040 ## - CATALOGING SOURCE
- Original cataloging agency: IT-RoPau
- Transcribing agency: IT-RoPau
100 ## - HEADING--PERSONAL NAME
- Personal name:
- Relator term: Autore musica
670 ## - SOURCE DATA FOUND
- Source citation: Work cat.: (IT-RoPau)100052: AA.VV. 794, Pagine immortali (Lp Ocl 16049)